Kurz prevádzky, obsluhy a údržby zariadení na ochranu ovzdušia
Enregistré dans:
| Format: | Livre |
|---|---|
| Langue: | slovaque |
| Publié: |
Bratislava
Dom techn. ČSVTS
1988
|
| Édition: | 1. vyd. |
| Tags: |
Pas de tags, Soyez le premier à ajouter un tag!
|
MARC
| LEADER | 00000nam a2200000 4500 | ||
|---|---|---|---|
| 001 | c040596 | ||
| 005 | 20221219091738.2 | ||
| 041 | 0 | |a slo | |
| 044 | |a SK | ||
| 245 | 1 | 0 | |a Kurz prevádzky, obsluhy a údržby zariadení na ochranu ovzdušia |
| 250 | |a 1. vyd. | ||
| 264 | 1 | |a Bratislava |b Dom techn. ČSVTS |c 1988 | |
| 300 | |a 46 s. | ||